| 000 -LEADER |
| fixed length control field |
03275nam a22005057a 4500 |
| 001 - CONTROL NUMBER |
| control field |
20406371 |
| 003 - CONTROL NUMBER IDENTIFIER |
| control field |
OSt |
| 005 - DATE AND TIME OF LATEST TRANSACTION |
| control field |
20241030104821.0 |
| 008 - FIXED-LENGTH DATA ELEMENTS--GENERAL INFORMATION |
| fixed length control field |
180314s2008 nyua b 001 0 eng |
| 010 ## - LIBRARY OF CONGRESS CONTROL NUMBER |
| LC control number |
2018010701 |
| 020 ## - INTERNATIONAL STANDARD BOOK NUMBER |
| International Standard Book Number |
9780071466332 |
| 040 ## - CATALOGING SOURCE |
| Original cataloging agency |
DLC |
| Language of cataloging |
eng |
| Transcribing agency |
DLC |
| Description conventions |
rda |
| Modifying agency |
DLC |
| 041 ## - LANGUAGE CODE |
| Language code of text/sound track or separate title |
eng |
| 042 ## - AUTHENTICATION CODE |
| Authentication code |
pcc |
| 050 00 - LIBRARY OF CONGRESS CALL NUMBER |
| Classification number |
RC46 |
| Item number |
.H333 2018 |
| 080 ## - UNIVERSAL DECIMAL CLASSIFICATION NUMBER |
| Universal Decimal Classification number |
61 |
| Item number |
H-30 |
| 082 00 - DEWEY DECIMAL CLASSIFICATION NUMBER |
| Classification number |
616 |
| Edition number |
23 |
| 084 ## - OTHER CLASSIFICATION NUMBER |
| Classification number |
MED045000 |
| Number source |
bisacsh |
| 100 ## - MAIN ENTRY--PERSONAL NAME |
| 9 (RLIN) |
258 |
| Personal name |
Fauci, S. Anthony |
| Relator term |
Editor |
| 245 00 - TITLE STATEMENT |
| Title |
Harrison's principles of internal medicine. |
| 246 30 - VARYING FORM OF TITLE |
| Title proper/short title |
Principles of internal medicine |
| 250 ## - EDITION STATEMENT |
| Edition statement |
17th edition / |
| Remainder of edition statement |
editors, J. Larry Jameson, , MD, PhD (Robert G. Dunlop Professor of Medicine, Dean, Raymond and Ruth Perelman School of Medicine, Executive Vice President, University of Pennsylvania for the Health System, Philadelphia, Pennsylvania) [and five others]. |
| 260 ## - PUBLICATION, DISTRIBUTION, ETC. |
| Place of publication, distribution, etc. |
New York : |
| Name of publisher, distributor, etc. |
McGraw-Hill Education, |
| Date of publication, distribution, etc. |
2008 |
| 300 ## - PHYSICAL DESCRIPTION |
| Extent |
2754 p. Appendix 16p. Index 149 p. |
| Other physical details |
illustrations (some color) ; |
| Dimensions |
29 cm |
| 336 ## - CONTENT TYPE |
| Content type term |
text |
| Content type code |
txt |
| Source |
rdacontent |
| 337 ## - MEDIA TYPE |
| Media type term |
unmediated |
| Media type code |
n |
| Source |
rdamedia |
| 338 ## - CARRIER TYPE |
| Carrier type term |
volume |
| Carrier type code |
nc |
| Source |
rdacarrier |
| 504 ## - BIBLIOGRAPHY, ETC. NOTE |
| Bibliography, etc. note |
Includes bibliographical references and index. |
| 520 ## - SUMMARY, ETC. |
| Summary, etc. |
"Harrison's is intended for learners throughout their careers. For students, Part 1, Chapter 1 begins with an overview of "The Practice of Medicine". In this introductory chapter, the editors continue the tradition of orienting clinicians to the science and the art of medicine, emphasizing the values of our profession while incorporating new advances in technology, science, and clinical care. Part 2, "Cardinal Manifestations and Presentation of Diseases" is a signature feature of Harrison's. These chapters eloquently describe how patients present with common clinical conditions, such as headache, fever, cough, palpitations, or anemia, and provide an overview of typical symptoms, physical findings, and differential diagnosis. Mastery of these topics prepares students for subsequent chapters on specific diseases they will encounter in courses on pathophysiology and in clinical clerkships"-- |
| Assigning source |
Provided by publisher. |
| 650 #0 - SUBJECT ADDED ENTRY--TOPICAL TERM |
| Topical term or geographic name entry element |
Internal medicine. |
| 650 #7 - SUBJECT ADDED ENTRY--TOPICAL TERM |
| Topical term or geographic name entry element |
MEDICAL / Internal Medicine. |
| Source of heading or term |
bisacsh |
| 650 #0 - SUBJECT ADDED ENTRY--TOPICAL TERM |
| Topical term or geographic name entry element |
Medicine |
| 9 (RLIN) |
69 |
| 653 ## - INDEX TERM--UNCONTROLLED |
| Uncontrolled term |
მედიცინა |
| 653 ## - INDEX TERM--UNCONTROLLED |
| Uncontrolled term |
შინაგანი მედიცინა |
| 700 1# - ADDED ENTRY--PERSONAL NAME |
| Personal name |
Jameson, J. Larry, |
| Relator term |
editor. |
| 700 ## - ADDED ENTRY--PERSONAL NAME |
| Personal name |
Kasper, L. Dennis |
| Relator term |
Editor |
| 9 (RLIN) |
256 |
| 700 ## - ADDED ENTRY--PERSONAL NAME |
| Personal name |
Longo, L. Dan |
| Relator term |
Editor |
| 9 (RLIN) |
257 |
| 700 ## - ADDED ENTRY--PERSONAL NAME |
| Personal name |
Hauser, L. Stephen |
| Relator term |
Editor |
| 9 (RLIN) |
259 |
| 700 ## - ADDED ENTRY--PERSONAL NAME |
| Personal name |
Loscalzo, Jospeh |
| Relator term |
Editor |
| 9 (RLIN) |
260 |
| 700 ## - ADDED ENTRY--PERSONAL NAME |
| Personal name |
Braunwald, Eugene |
| 9 (RLIN) |
95 |
| 776 08 - ADDITIONAL PHYSICAL FORM ENTRY |
| Relationship information |
Online version: |
| Title |
Harrison's principles of internal medicine. |
| Edition |
Twentieth edition / editors, J. Larry Jameson, , MD, PhD, Robert G. Dunlop Professor of Medicine; Dean, Raymond and Ruth Perelman School of Medicine; Executive Vice President, University of Pennsylvania for the Health System, Philadelphia, Pennsylvania [and five others]. |
| Place, publisher, and date of publication |
New York : McGraw-Hill Education, [2018] |
| International Standard Book Number |
9781259644047 |
| Record control number |
(DLC) 2018013294 |
| 906 ## - LOCAL DATA ELEMENT F, LDF (RLIN) |
| a |
7 |
| b |
cbc |
| c |
orignew |
| d |
1 |
| e |
ecip |
| f |
20 |
| g |
y-gencatlg |
| 942 ## - ADDED ENTRY ELEMENTS (KOHA) |
| Source of classification or shelving scheme |
|
| Koha item type |
Books |
| Edition |
17 |